Normal view
MARC view
Entry Personal Name
001 - CONTROL NUMBER
- control field: 53469
003 - CONTROL NUMBER IDENTIFIER
- control field: dpl
005 - DATE AND TIME OF LATEST TRANSACTION
- control field: 20121101104720.0
008 - FIXED-LENGTH DATA ELEMENTS
- fixed length control field: 121101|||a|||||| | ||| d
040 ## - CATALOGING SOURCE
- Original cataloging agency: dpl
- Transcribing agency: dpl
100 ## - HEADING--PERSONAL NAME
- Personal name: Chapra, Steven C.
670 ## - SOURCE DATA FOUND
- Source citation: Work cat.: (dpl)0: Chapra, Steven C., Applied numerical methods with MATLAB for engineers and scientists /, c2012
670 ## - SOURCE DATA FOUND
- Source citation: Work cat.: (dpl)0: Chapra, Steven C., Applied numerical methods with MATLAB for engineers and scientists /, c2012
